Bedeutende Momente in der Geschichte des Tschechischen Staates /

Hlavní autor: Deyl, Marcel
Další autoři: Pelánová, Anita, 1950-
Jazyk: Němčina
Vydáno: Prag : Public History, 1994
Témata:
Fyzický popis: 53 stran : ilustrace (převážně barevné), portréty ; 24 cm
Knihy
Uloženo v:
LEADER 01549nam a2200445 i 4500
001 001906123
003 CZ BrMZK
005 20241031133305.0
007 ta
008 240826s1994 xr ac e c 000 0 ger
020 |q (Brožováno) 
040 |a BOA001  |b cze  |e rda 
041 1 |a ger  |h cze 
043 |a e-xr--- 
072 7 |a 94(437)  |x Dějiny Česka a Slovenska  |2 Konspekt  |9 8 
080 |a 94-021.143  |2 MRF 
080 |a 94(437.3)  |2 MRF 
080 |a (437.3)  |2 MRF 
080 |a (083.824)  |2 MRF 
100 1 |a Deyl, Marcel  |7 mzk2008458669  |4 aut 
245 1 0 |a Bedeutende Momente in der Geschichte des Tschechischen Staates /  |c Text Marcel Deyl ; Übersetzung Anita Pelánová 
264 1 |a Prag :  |b Public History,  |c 1994 
300 |a 53 stran :  |b ilustrace (převážně barevné), portréty ;  |c 24 cm 
336 |a text  |b txt  |2 rdacontent 
337 |a bez média  |b n  |2 rdamedia 
338 |a svazek  |b nc  |2 rdacarrier 
500 |a Přeloženo z češtiny? 
500 |a Název z obálky 
500 |a Vydáno ke stejnojmenné výstavě 
650 0 7 |a události  |7 ph126858  |z Česko  |2 czenas 
650 0 9 |a events  |z Czechia  |2 eczenas 
651 7 |a Česko  |7 ge128065  |x dějiny  |2 czenas 
651 9 |a Czechia  |x history  |2 eczenas 
655 7 |a katalogy výstav  |7 fd132536  |2 czenas 
655 9 |a exhibition catalogs  |2 eczenas 
700 1 |a Pelánová, Anita,  |d 1950-  |7 ola2003193661  |4 trl 
910 |a BOA001  |b 2-1531.325 
990 |a BK 
991 |b 202410 
996 6 |b 2610978251  |c 2-1531.325  |l MZK  |r Sklad / do 1 hodiny  |n 0  |p dar  |w 001975642  |u 000010  |a 1  |e BOA001  |j MZK50  |s P